1264 1328 1853 1486 1172 1061 1012 1633 1504 1786 1678 1572 1850 1298 1482 1068 1219 1621 1032 1763 1000 1185 1160 1481 1628 1004 1933 1960 1430 1604 1132 1657 1068 1424 1384 1305 1010 1397 1308 1836 1144 1241 1417 1860 1458 1760 1136 1944 1695 1306 1555 1463 1101 1737 1739 1346 1413 1961 1788 1679 1284 1837 1855 1626 1148 1628 1544 1267 1952 1055 1577 1574 1989 1821 1354 1021 1938 1059 1639 1342 1618 1489 1061 1807 1761 1704 1263 1327 1812 1027 1648 1804 1908 1379 1549 1333 1692 1328 1579 BCNSPRNW ULIB Ver.6.0+V

เปลี่ยนเป็นภาษาไทย

Change to English
 แสดงรายละเอียดบรรณานุกรม
  กลับหน้าหลัก

Brief Record : Get Marc (ISO 2709) : E-mail record : QR code < ปิดหน้าต่าง
LEADER : 00000nam 2200000uu 4500
001    13399120294
003     ULIB
008    120918s2547||||th 000 0 tha d
020    ^a9749252284
060  4 ^aQV766^bก891ต 2547
100 0  ^aแก้ว กาญจนา
245 00 ^aตำรับยาสมุนไพรรักษาโรคมะเร็ง/^cแก้ว กาญจนา
250    ^aพิมพ์ครั้งที่ 2
260    ^aกรุงเทพฯ:^bนีออน บุ๊ค มีเดี่ย,^c2547
300    ^a101หน้า :^bภาพประกอบ
650  7 ^aมะเร็ง^xยาสมุนไพร
945    ^p0^l0^i14825
995    ^aกัณชพร
999 ^a ใช้งานได้ทุกระบบ
รายการนี้ยังไม่มีแท็ก
คุณยังไม่ได้ล็อกอิน คุณสามารถมีกิจกรรมร่วมกับเว็บไซต์ได้ แต่ต้องล็อกอินก่อน ::
  ล็อกอิน

รายการสื่อสารสนเทศ

ลำดับที่ ประเภท เลขเรียก/บาร์โค้ด สถานที่ สถานะ
1. วิทยาศาสตร์การแพทย์ และสุขภาพ
วิทยาศาสตร์การแพทย์ และสุขภาพ
QV766 ก891ต 2547  
  Barcode: 14825
ห้องสมุดวิทยาเขตสวรรค์ประชารักษ์
►หนังสือทั่วไป
บนชั้น

รายการใกล้เคียง
    ผู้แต่ง [แก้ว กาญจนา]

BibComment


ยังไม่เคยถูกคอมเมนท์

คอมเมนท์ทรัพยากรรายการนี้
  คอมเมนท์: ตำรับยาสมุนไพรรั..


 Copyright 2026. Bcnsprnw @Library